[Event "Ramat Gan Spring op"]
[Site "Ramat Gan"]
[Date "2023.06.05"]
[Round "5"]
[White "Menahem, Adi"]
[Black "Gurevich, Hillel"]
[Result "1-0"]
[WhiteElo "2136"]
[BlackElo "1656"]
[PlyCount "71"]
[EventDate "2023.05.01"]
[EventType "swiss"]
[EventRounds "7"]
[EventCountry "ISR"]
[SourceTitle "CBM 215 Extra"]
[Source "ChessBase"]
[SourceDate "2023.09.30"]
[SourceVersion "1"]
[SourceVersionDate "2023.09.30"]
[SourceQuality "1"]

1. Nf3 Nf6 2. c4 e6 3. e3 c5 4. b3 Nc6 5. Bb2 Be7 6. Nc3 d5 7. cxd5 exd5 8. d4 0-0 9. Be2 Be6 10. 0-0 Rc8 11. dxc5 Bxc5 12. Rc1 Bd6 13. Nb5 Bb8 14. Nbd4 Ne4 15. Nxc6 bxc6 16. Ba6 Rc7 17. Be5 Nd6 18. b4 Qe7 19. Qd4 f6 20. Bg3 Nf5 21. Qc5 Qxc5 22. bxc5 Rd7 23. Bxb8 Rxb8 24. Rb1 Rxb1 25. Rxb1 d4 26. Bc8 Re7 27. Bxe6+ Rxe6 28. g4 Nh6 29. Nxd4 Re5 30. Rb8+ Kf7 31. Rb7+ Kg6 32. h3 a5 33. Rc7 Rxc5 34. Ne6 Rc1+ 35. Kg2 f5 36. g5 1-0